| 000 | 01013pam a2200313 a 4500 | ||
|---|---|---|---|
| 999 |
_c28669 _d28640 |
||
| 001 | 1035815 | ||
| 003 | EG-ScBUE | ||
| 005 | 20200907093058.0 | ||
| 008 | 891204t1990 enka f b 001 0 eng d | ||
| 020 | _a0070841594 | ||
| 020 | _a9780070841598 | ||
| 040 |
_aDLC _beng _erda _cDLC _dDLC _dEG-ScBUE |
||
| 082 | 0 | 4 |
_a658.87 _bMCG _220 |
| 100 | 1 |
_aMcGoldrick, Peter J., _eauthor. |
|
| 245 | 1 | 0 |
_aRetail marketing / _cPeter J. McGoldrick, School of Management UMIST. |
| 264 | 1 |
_aBerkshire, England : _bMcGraw-Hill Book Company, _c[1990] |
|
| 264 | 4 | _cc1990 | |
| 300 |
_axiii, 362 pages : _billustrations ; _c25 cm |
||
| 336 |
_2rdacontent _atext _btxt |
||
| 337 |
_2rdamedia _aunmediated _bn |
||
| 338 |
_2rdacarrier _avolume _bnc |
||
| 504 | _aIncludes bibliographical references and index. | ||
| 650 | 7 |
_aRetail trade. _2BUEsh |
|
| 650 | 7 |
_aMarketing research. _2BUEsh |
|
| 653 |
_bBUSADM _cAugust2020 |
||
| 655 |
_vReading book _934232 |
||
| 906 |
_a7 _bcbc _corignew _d1 _eocip _f19 _gy-gencatlg |
||
| 942 |
_2ddc _cBB |
||